000 00752nam a2200181Ia 4500
003 IN-BaIIA
008 211028s9999 xx 000 0 eng d
040 _cIIA Library
080 _a539.12(082.1)
_bTHE
111 _aXX SLAC Summer institute on pticle Physics
_n20th
_cUSA, NTIS
_d1992 July 13-24
_919451
245 4 _aThe third family and the Physics of flavour
_bproceedings of the XX SLAC summer Institute on pt.icle Physics, held on 13-24 Jul 1992
_cedited by Lilian Vassilian
260 _aUSA, NTIS
_bStanford University Press
_c1993
300 _a[various pagings.]
650 _aAstronomy and Astrophysics thesaurus
650 _apticle Physics
_92818
700 _aVassilian, Lilian,ed.
_919452
942 _cBK
999 _c11326
_d11326